00720 2200241 4500001002100000005001700021008004100038035002400079082001200103090002300115100002100138245009900159260002900258300003000287500005600317500002800373650001600401850001600417980001500433985000600448986000900454999001500463YOGYA-0209000004458020090227030425.0 ind  0010-020900000044580 a332.041 a332.041bAni AlSK aANINGWIYATI, Ari aAnalisa efisiensi modal kerja pada koperasi primkopti Yogyakartacdisusun oleh Ari Aningwiyati aYogyakartab[s.n.]c1993 ax, 99 lembarbilusc30 cm aSkripsi STIE Kerjasama jurusan Manajemen Yogyakarta aBibliografi : lembar 99 aModal kerja aYOPDYOG [B] a03-01-2008 a1 aRuni a07A0028381